| 000 | 00589nam a2200217Ia 4500 | ||
|---|---|---|---|
| 005 | 20231130111332.0 | ||
| 008 | 131103s9999 xx 000 0 und d | ||
| 020 |
_a8180460282 _cRs.175.00 |
||
| 040 | _aLoreto College | ||
| 041 | _aEnglish | ||
| 082 |
_a302.23 _bBAS |
||
| 100 | _aBasu, Arindam | ||
| 245 | 4 |
_aThe reporter _b A handbook for every journalist _cArindam Basu and Sujoy Dhar |
|
| 260 |
_aKolkata _bAlchemy _c2005 |
||
| 300 | _a207p | ||
| 504 | _aIncludes bibliographical references | ||
| 650 | _aJournalism | ||
| 700 | _aDhar,Sujoy | ||
| 850 | _aLCLIB | ||
| 942 | _cBK | ||
| 999 |
_c37130 _d87609 |
||